000
00278nam a22001337a 4500
082
_a
530
_b
XAV/P
100
_a
XAVIER ; JOY
245
_a
PHYSICS XI
260
_a
THRISSUR
_b
ROSARY PUBLISHERS
_c
2023
300
_a
65
520
_a
PHYSICS XI
650
_a
REFERENCE
942
_c
BK
999
_c
6811
_d
6811